| 000 | 00000nam##2200000za#4500 |
| 001 | 9.615576 |
| 003 | CaOODSP |
| 005 | 20210615101159 |
| 007 | ta |
| 008 | 150406|2000||||xxc||||| f|0| 0 eng|d |
| 020 | |a0-662-30399-7 |
| 040 | |aCaOODSP|beng |
| 043 | |an-cn--- |
| 086 | 1 |aNH18-23/46E |
| 110 | 2 |aCanada Mortgage and Housing Corporation. |
| 245 | 10|aMunicipal regulatory initiatives : |bproviding for affordable housing |
| 260 | |aOttawa - Ontario : |bCanada Mortgage and Housing Corporation |c2000. |
| 300 | |a4p. ; |c28 cm. |
| 490 | 1 |aResearch highlight. Socio-economic series|v46 |
| 563 | |aPamphlet |
| 590 | |a01-14|b2001-04-06 |
| 690 | 07|aSubsidized housing|2gcpds |
| 690 | 07|aCosts|2gcpds |
| 690 | 07|aConstruction industry|2gcpds |
| 775 | 08|tInitiatives en matière de réglementation municipale : |w(CaOODSP)9.625611 |
| 776 | 0#|tMunicipal regulatory initiatives : |w(CaOODSP)9.571717 |
| 830 | #0|aResearch highlight. Socio-economic series ;|v46|w(CaOODSP)9.514827 |
| 986 | |aNHA 60975 |